Damages in respect of defective work, loss of amenity, distress and inconvenience (Record no. 112769)

MARC details
000 -LEADER
fixed length control field 01514cad a22002175a 4500
001 - CONTROL NUMBER
control field L153929
008 - FIXED-LENGTH DATA ELEMENTS--GENERAL INFORMATION
fixed length control field 110923s2011 xxk f 000 0 eng d
035 ## - SYSTEM CONTROL NUMBER
System control number (Sirsi) u153929
041 0# - LANGUAGE CODE
Language code of text/sound track or separate title eng
100 1# - MAIN ENTRY--PERSONAL NAME
Personal name Bebb, David
245 00 - TITLE STATEMENT
Title Damages in respect of defective work, loss of amenity, distress and inconvenience
Medium [electronic resource]
260 ## - PUBLICATION, DISTRIBUTION, ETC.
Place of publication, distribution, etc. [S.l.]
Name of publisher, distributor, etc. Fenwick Elliott
Date of publication, distribution, etc. 2011
520 ## - SUMMARY, ETC.
Summary, etc. Looks at the case of Harrison and Others v (1) Shepherd Homes Ltd, (2) National Housebuilding Council & (3) NHBC Building Control Services Ltd, [2011] EWHC 1811 (TCC), how this case represents extremely useful guidance as to the assessment of damages in respect of defective construction work. Whilst the starting point will usually be the cost of reinstatement, claimants still have a number of other hurdles to clear. If the cost of reinstatement is unreasonable then the measure of damages will be by reference to the property's diminution in value and not the reinstatement costs.
590 ## - LOCAL NOTE (RLIN)
Local note KA
651 #4 - SUBJECT ADDED ENTRY--GEOGRAPHIC NAME
Geographic name England and Wales
Chronological subdivision 1543-
690 ## - LOCAL SUBJECT ADDED ENTRY--TOPICAL TERM (OCLC, RLIN)
Topical term or geographic name as entry element BUILT ENVIRONMENT-CONSTRUCTION MANAGEMENT-BUILDING CONTRACT ADMINISTRATION
690 ## - LOCAL SUBJECT ADDED ENTRY--TOPICAL TERM (OCLC, RLIN)
Topical term or geographic name as entry element MANAGEMENT-DISPUTE AVOIDANCE, MANAGEMENT AND RESOLUTION-DISPUTE MANAGEMENT AND RESOLUTION
710 1# - ADDED ENTRY--CORPORATE NAME
Corporate name or jurisdiction name as entry element Fenwick Elliott
9 (RLIN) 5892
856 40 - ELECTRONIC LOCATION AND ACCESS
Uniform Resource Identifier <a href="https://www.mondaq.com/x/145084/Property+Litigation/Damages+In+Respect+Of+Defective+Work+Loss+Of+Amenity+Distress+And+Inconvenience&email_access=on">https://www.mondaq.com/x/145084/Property+Litigation/Damages+In+Respect+Of+Defective+Work+Loss+Of+Amenity+Distress+And+Inconvenience&email_access=on</a>
Public note View this item free of charge at www.fenwickelliot.com
942 ## - ADDED ENTRY ELEMENTS (KOHA)
Suppress in OPAC 0
Holdings
Withdrawn status Lost status Source of classification or shelving scheme Damaged status Not for loan Home library Current library Shelving location Date acquired Total Checkouts Full call number Barcode Date last seen Copy number Price effective from Koha item type
    Dewey Decimal Classification     Virtual Virtual Online 23/09/2011   ONLINE PUBLICATION 153929-2001 06/08/2019 1 06/08/2019 Book